| 000 | 00693aam a2200229 4500 | ||
|---|---|---|---|
| 005 | 20161212100839.0 | ||
| 008 | 150504b xxu||||| |||| 00| 0 spa d | ||
| 041 | _aEspañol | ||
| 082 | _a658.022 R696ad6 | ||
| 100 |
_aRodríguez Valencia, Joaquín _93855 |
||
| 245 | _aAdministración de pequeñas y medianas empresas | ||
| 250 | _a6 edición | ||
| 260 |
_aMéxico _bCengage Learning _c2010 |
||
| 300 | _a357 páginas | ||
| 650 |
_aADMINISTRACIÓN _9268 |
||
| 650 |
_aPEQUEÑAS Y MEDIANAS EMPRESAS _93856 |
||
| 650 |
_aEMPRESA _93857 |
||
| 650 |
_aHISTORIA EMPRESARIAL _93858 |
||
| 650 |
_aPROCESO EMPRESARIAL _93859 |
||
| 650 |
_aPLANEACIÓN DE LA PEQUEÑA EMPRESA _93860 |
||
| 942 | _cBK | ||
| 999 |
_c5088 _d5088 |
||